书目信息 |
| 题名: |
Python数学编程
|
|
| 作者: | 萨哈 著 ;许杨毅 , 刘旭华 译 | |
| 分册: | ||
| 出版信息: | 北京 人民邮电出版社 2020.01 |
|
| 页数: | 190页 | |
| 开本: | 24cm | |
| 丛书名: | ||
| 单 册: | ||
| 中图分类: | TP311.561 | |
| 科图分类: | ||
| 主题词: | 软件工具--ruan jian gong ju--程序设计 | |
| 电子资源: | ||
| ISBN: | 978-7-115-52271-9 | |
| 000 | 01087nam0 2200289 450 | |
| 001 | 0100016242 | |
| 005 | 20200929160439.0 | |
| 010 | @a978-7-115-52271-9@dCNY59.00 | |
| 100 | @a20200110d2020 em y0chiy50 ea | |
| 101 | 1 | @achi@ceng |
| 102 | @aCN@b110000 | |
| 105 | @aa z 000yy | |
| 106 | @ar | |
| 200 | 1 | @aPython数学编程@APythonshu xue bian cheng@f(澳) 阿米特·萨哈著@d= Doing math with python@fAmit Saha@g许杨毅, 刘旭华译@zeng |
| 210 | @a北京@c人民邮电出版社@d2020.01 | |
| 215 | @a190页@c图@d24cm | |
| 300 | @a异步图书 | |
| 330 | @a本书将程序设计和数学巧妙地结合起来, 从简单的项目开始, 应用Python解决高中和大学低年级的数学问题, 比如几何、概率、统计以及微积分等, 为进一步学习更复杂的数学内容以及Python编程语言打下坚实的基础。 | |
| 500 | 10 | @aDoing math with python@mChinese |
| 606 | 0 | @a软件工具@Aruan jian gong ju@x程序设计 |
| 610 | 0 | @aPython |
| 690 | @aTP311.561@v5 | |
| 701 | 1 | @a萨哈@Asa ha@g(Saha, Amit)@4著 |
| 702 | 0 | @a许杨毅@Axu yang yi@4译 |
| 702 | 0 | @a刘旭华@Aliu xu hua@4译 |
| 801 | 0 | @aCN@c20200110 |
| 905 | @a河南城建学院图书馆@dTP311.561@f2@eS006 | |
| Python数学编程/(澳) 阿米特·萨哈著= Doing math with python/Amit Saha/许杨毅, 刘旭华译.-北京:人民邮电出版社,2020.01 |
| 190页:图;24cm |
| 异步图书 |
| ISBN 978-7-115-52271-9:CNY59.00 |
| 本书将程序设计和数学巧妙地结合起来, 从简单的项目开始, 应用Python解决高中和大学低年级的数学问题, 比如几何、概率、统计以及微积分等, 为进一步学习更复杂的数学内容以及Python编程语言打下坚实的基础。 |
| ● |
| 相关链接 |
|
|
|
正题名:Python数学编程
索取号:TP311.561/S006
 
预约/预借
| 序号 | 登录号 | 条形码 | 馆藏地/架位号 | 状态 | 备注 |
| 1 | 1493291 | 214932910 | 自科库301/301自科库 51排3列4层/ [索取号:TP311.561/S006] | 在馆 | |
| 2 | 1493292 | 214932929 | 自科库301/301自科库 51排3列3层/ [索取号:TP311.561/S006] | 在馆 |